政令指定都市(サドンデス) - Statistics

General Stats
  • This quiz has been taken 1,550 times
  • The average score is 16 of 20
Answers on the Grid
Answers color-coded by a green-red scale on the quiz's grid according to % correct below.
札幌市
仙台市
宇都宮市
さいたま市
川口市
千葉市
船橋市
松戸市
市川市
八王子市
横浜市
川崎市
相模原市
新潟市
長野市
富山市
金沢市
静岡市
浜松市
名古屋市
岐阜市
京都市
大阪市
東大阪市
堺市
神戸市
姫路市
岡山市
倉敷市
広島市
福山市
松江市
高松市
松山市
北九州市
福岡市
長崎市
熊本市
宮崎市
鹿児島市
 
Answer Stats
Answer % Correct
札幌市
98%
仙台市
96%
さいたま市
87%
横浜市
83%
千葉市
82%
川崎市
82%
大阪市
82%
名古屋市
81%
相模原市
80%
京都市
79%
神戸市
79%
広島市
79%
福岡市
78%
新潟市
77%
静岡市
77%
浜松市
77%
北九州市
77%
堺市
76%
岡山市
71%
熊本市
71%
No matching quizzes found
Score Distribution
Percent of People with Each Score
Percentile by Number Answered
Your Score History
You have not taken this quiz